00797nam a2200193 a 450000100100000000500170001000800410002702000150006804000250008308200150010810000280012324501070015126000750025830000350033350000730036850400320044195201130047399900170058600004143820201002034905.0131004s1980 pr ac 000 0 spa d a8449913756 aDO-SdBNPbspacBNPHU axxxbC198c1 aCaso, Fernado H.96811110aHéctor Campos Parsi en la historia de la música puertorriqueña del siglo XX /cFernando H. Caso. aSan Juan, Puerto Rico :bInstituto de Cultura Puertorriqueña,c1980. a156 p :bil., retrs. ;c24 cm. aIncluye referencias bibliográficas y notas al pie de la páginas. aBibliografía: p. 153-156. 001050718MOaGRbGRcCTd2013-10-04iLF1l0oxxx C198cp41438-10r2020-06-25w2020-06-25y1ZNo se presta c40928d40928